50 Quiz Fragen (8) - Statistiken

Allgemein
  • Dieses Quiz wurde 71 mal gespielt
  • Das Durchschnittsergebnis liegt bei 19 aus 50
Antwortstatistiken
Frage Antwort % Korrekt
Funktioniert etwas einwandfrei, läuft alles wie am …? Schnürchen
91%
Nenne eine Pferdegangart: Schritt / Trab / Galopp / Tölt / Pass
90%
Welches Sinnesorgan steckt im Wort "Staubsauger"? Auge
83%
Wie lautet der Komparativ von „schlau“? schlauer
83%
Welches Kfz-Sicherheitsbauteil füllt sich bei einem Aufprall schlagartig mit Gas? Airbag
81%
Welche Sportart wird bei den Olympischen Spielen auf Eis mit Besen und einem schweren Stein gespielt? Curling
79%
Ein Sprichwort besagt: “Lieber den Spatz in der Hand, als…” die Taube auf dem Dach
78%
Welches in Paris spielende Musical heißt wörtlich übersetzt "Rote Mühle"? Moulin Rouge
76%
Welcher Planet ist nach dem römischen Gott der Meere benannt? Neptun
76%
In welcher Sportart finden die Begriffe „Axel“ und „Rittberger“ Verwendung? Eiskunstlauf
74%
Was ist die Hälfte von 3/4? 3/8
71%
Welches Land gewann die Fußball Europameisterschaft 2024? Spanien
67%
In welcher Landeshauptstadt ist das Schloss Biebrich am Rheinufer eine beliebte Sehenswürdigkeit? Wiesbaden
64%
Welches Tier trägt in Fabeln oft den Namen Isegrimm? Wolf
57%
In welchem Land liegt der Kilimandscharo? Tansania
55%
Welches Tier spielt beim biblischen Sündenfall eine zentrale Rolle? Schlange
53%
Auf der Grenze welcher beiden Länder liegt die Spitze des Mount Everest? Nepal und China
50%
Wie heißt das weibliche Geschlechtshormon, das hauptsächlich in den Eierstöcken produziert wird? Östrogen
50%
Welcher Schwimmer hält die meisten Olympischen Goldmedaillen aller Zeiten? Michael Phelps
48%
Wie heißen die beiden Pferde von Bibi und Tina? Amadeus und Sabrina
45%
Wie viele Halswirbel hat eine Giraffe? 7
43%
„Der Verschollene“, „Der Prozess“ und „Das Schloss“ sind Werke welches berühmten Schriftstellers? Franz Kafka
41%
In welchem Jahr bekamen deutsche Frauen das Wahlrecht? 1918
38%
Wie heißt das dritte Gehörknöchelchen, welches gleichzeitig der kleinste Knochen des menschlichen Körpers ist? Steigbügel
36%
Wer war RTL‘s erster Dschungelkönig? Costa Cordalis
33%
Hadrian IV. war der einzige Papst, der in welchem Land geboren wurde? England
33%
Die blonde Marie Fredriksson war Mitglied welches schwedischen Popduos? Roxette
33%
Wie heißen die kleinen grünen, auf einer Müllkippe wohnenden Wesen, die von dem Kinderbuchautor Erhard Dietl erfunden wurden? Die Olchis
31%
In welcher Stadt kam Johann Wolfgang von Goethe am 28. August 1749 zur Welt? Frankfurt
31%
Im Jahr 1955 erschien Alfred Hitchcocks Film “Über den Dächern von…”? Nizza
29%
Welche Blutgruppe gilt in Deutschland als die seltenste? AB negativ
24%
Aus welchem Kaktus wird Tequila primär hergestellt? Agave
24%
Welcher Geschmacksrichtung entspricht der blau verpackte Chupa Chups Lolli in der Regel? Cola
24%
Wie wird das Verschmelzen zweier Atomkerne genannt? Kernfusion
24%
Wie wird sowohl die 9. Trumpfkarte im Tarot als auch ein Mensch genannt, der zurück gezogen und fernab der Gesellschaft lebt? Eremit
19%
In beiden "Top Gun"-Filmen ist welcher Val als Iceman zu sehen? Val Kilmer
17%
Wer gilt als Verfasser der amerikanischen Unabhängigkeitserklärung? Thomas Jefferson
16%
An welchem Datum begann der zweite Weltkrieg? 1. September 1939
14%
Elisabeth Amalie Eugenie von Wittelsbach war ab 1867 Königin welches Landes? Ungarn
14%
Wie wird die Fütterungsmethode für Haustiere genannt, bei denen ausschließlich rohe und naturbelassene Nahrungsmittel verfüttert werden? Barfen
12%
Die Geschichten der bekannten ARD Telenovela “Sturm der Liebe” drehen sich neben den Liebespaaren auch um ein Hotel, das welchen Namen trägt? Fürstenhof
10%
Wie heißt das Stäbchen, das beim Mikado den höchsten Punktwert hat? Mikado
7%
Wie heißt die Regel in der Chemie, die besagt, dass Atome eine Elektronenkonfiguration anstreben, bei der die äußere Schale (Valenzschale) genau acht Elektronen enthält? Oktettregel
5%
Welches Internat ist mit über 600 Schülern und ca 45.000 Quadratmetern das größte Internat Deutschlands? Schule Schloss Salem
5%
Wie wird die Skala genannt, die dazu genutzt wird, die Härte und Ritzfestigkeit von Mineralien und Materialien zu bestimmen? Mohs’sche Härteskala
3%
Wie hieß Taylor Swifts erstes Album? Fearless
2%
Was muss bei einem echten Parmesan Käse auf der Rinde stehen? Parmigiano Reggiano
2%
Bislang gab es zwei Ausführungen des WM-Pokals. Wie hieß die erste? Coupe Jules Rimet
0%
Wie nennt man die Schwimmhaut, die den Daumen mit dem Zeigefinger verbindet? Flagina / Purlicue
0%
Wie heißt der Buchhändler in „Die unendliche Geschichte“, der das Antiquariat besitzt, in dem Bastian Balthasar Bux das titelgebende Buch stiehlt? Karl Konrad Koreander
0%
Keine übereinstimmenden Quizze gefunden
Verteilung der Resultate
Anzahl Personen mit jedem Resultat
Perzentil nach korrekt beantworteten Fragen
Ihre Resultats-Entwicklung
Sie haben dieses Quiz noch nicht gespielt